La Filosofía de la ciencia y el giro historicista (Record no. 63879)

MARC details
000 -LEADER
campo de control de longitud fija 00516nam a2200145 i 4500
001 - NÚMERO DE CONTROL
campo de control 63879
003 - IDENTIFICADOR DE NÚMERO DE CONTROL
campo de control ES-MaACL
007 - CAMPO FIJO DE DESCRIPCIÓN FÍSICA--INFORMACIÓN GENERAL
campo de control de longitud fija t|
008 - DATOS DE LONGITUD FIJA--INFORMACIÓN GENERAL
campo de control de longitud fija 031217s1984 sp ||||1| spa d
245 03 - MENCIÓN DEL TÍTULO
Título La Filosofía de la ciencia y el giro historicista
Resto del título : el post-positivismo /
Mención de responsabilidad, etc. selección, traducción y presentación de E. Rada.
260 ## - PUBLICACIÓN, DISTRIBUCIÓN, ETC.
Lugar de publicación, distribución, etc. [Madrid] :
Nombre del editor, distribuidor, etc. Universidad Nacional de Educación a Distancia,
Fecha de publicación, distribución, etc. [1984]
300 ## - DESCRIPCIÓN FÍSICA
Extensión 295 p. ;
Dimensiones 24 cm.
700 1# - ENTRADA AGREGADA--NOMBRE PERSONAL
Nombre de persona Rada García, Eloy.
9 (RLIN) 94903
852 ## - LOCALIZACIÓN
Ubicación ES-MaACL
Número de control de estantería L-7725
Sublocalización o colección R.107943
Holdings
Estatus retirado Estado de pérdida Estado de daño No para préstamo Biblioteca de origen Biblioteca actual Ubicación en estantería Fecha de adquisición Fuente de adquisición Total de préstamos Signatura topográfica completa Código de barras Visto por última vez Precio de reemplazo Tipo de ítem Koha
        Biblioteca del Ateneo de Madrid Biblioteca del Ateneo de Madrid Depósito 2 17/01/2008     L-7725 1066946 23/02/2023 23/02/2023 Libro impreso